Petit Bac #58 - Communes de Nouvelle-Calédonie - Statistiques

Statistiques générales
  • Ce quiz a été pris 315 fois
  • Le résultat moyen est 12 sur 15
Statistiques - réponses
1ère Lettre Commune... % Correct
N Nouméa
95%
B Bourail / Boulouparis / Bélep
85%
L Le Mont-Dore / Lifou / La Foa / L'Île-des-Pins
85%
P Païta / Poindimié / Poya / Pouembout / Pouébo / Ponérihouen / Poum
83%
K Koné / Koumac / Kaala-Gomen / Kouaoua
82%
D Dumbéa
79%
O Ouvéa / Ouégoa
77%
C Canala
76%
H Houaïlou / Hienghène
76%
M Maré / Moindou
73%
V Voh
71%
Y Yaté
70%
T Thio / Touho
69%
F Farino
67%
S Sarraméa
62%
Aucun quiz correspondant
Distribution des résultats
% des personnes avec chaque résultat
Percentile par nombre de réponses
Votre historique - résultats
Vous n’avez pas pris ce quiz